| 000 | 003400000a22001450004500 | ||
|---|---|---|---|
| 003 | MACL | ||
| 040 | _aMACL | ||
| 090 |
_c4757 _d4756 |
||
| 100 | _aChattopadhyaya, Debiprasad | ||
| 245 | _aIn Defence Of Materialism In Ancient India | ||
| 260 |
_bPeople's Publishing House _c1989 |
||
| 350 | _a30 | ||
| 650 | _aPhilisophy | ||
| 942 |
_cBOOK _k100 |
||
| 999 |
_c4719 _d4719 |
||